|
|
|
|
| LEADER |
00000cam a2200000 7i4500 |
| 001 |
0000140802 |
| 005 |
20210630.0 |
| 008 |
210630s2019 xxua n 0 k eng |
| 020 |
|
|
|a 9780374537913
|
| 040 |
|
|
|a PERPUSTAM
|b eng
|c PERPUSTAM
|e rda
|
| 090 |
0 |
0 |
|a 629.45
|b FET
|
| 100 |
1 |
|
|a Fetter-Vorm,Jonathan ,
|d 1983- ,
|e author
|
| 245 |
1 |
0 |
|a Moonbound :
|b APOLLO 11 AND THE DREAM OF SPACEFLIGHT
|c JONATHAN FETTER-VORM
|
| 264 |
|
1 |
|a New York :
|b Hill and Wang
|c 2019
|
| 300 |
|
|
|a 248 pages :
|b colour illustrations ;
|c 23 cm.
|
| 336 |
|
|
|a text
|2 rdacontent
|
| 337 |
|
|
|a unmediated
|2 rdamedia
|
| 338 |
|
|
|a volume
|2 rdacarrier
|
| 650 |
1 |
0 |
|a Project Apollo (U.S.)
|x Comic books, strips, etc.
|
| 999 |
|
|
|a 0000677997
|b Buku
|c Rak Terbuka
|e Perbadanan Perpustakaan Awam Melaka
|
| 999 |
|
|
|a 0000677998
|b Buku
|c Rak Terbuka
|e Perbadanan Perpustakaan Awam Melaka
|
| 999 |
|
|
|a 0000677999
|b Buku
|c Rak Terbuka
|e Perpustakaan Cawangan Merlimau
|
| 999 |
|
|
|a 0000678000
|b Buku
|c Rak Terbuka
|e Perpustakaan Cawangan Masjid Tanah
|
| 999 |
|
|
|a 0000678001
|b Buku
|c Rak Terbuka
|e Perpustakaan Cawangan Jasin
|